000 00271nam a2200097Ia 4500
008 230915s9999 xx 000 0 und d
050 _aH 62.S24
100 _a VOGT, W. PAUL
245 0 _aSAGE QUANTITATIVE RESEARCH METHODS | SAGE QUANTITATIVE RESEARCH METHODS
942 _cBK
999 _c72636
_d72636